[Event "Bratislava exe op 2nd"]
[Site "Bratislava"]
[Date "2024.09.22"]
[Round "9"]
[White "Floss, Jonas"]
[Black "Seemann, Pola"]
[Result "0-1"]
[WhiteElo "1816"]
[BlackElo "1914"]
[PlyCount "75"]
[EventDate "2024.09.14"]
[EventType "swiss"]
[EventRounds "9"]
[EventCountry "SVK"]
[SourceTitle "EXT 2025"]
[Source "ChessBase"]
[SourceDate "2024.10.14"]
[SourceVersion "1"]
[SourceVersionDate "2024.10.14"]
[SourceQuality "1"]

1. d4 d5 2. Bf4 c5 3. e3 Nc6 4. Nf3 Nf6 5. Nbd2 h6 6. c3 Bf5 7. Qb3 Qc8 8. dxc5 e6 9. Bd6 Bxd6 10. cxd6 0-0 11. c4 Na5 12. Qc3 Nxc4 13. Bxc4 dxc4 14. Qxc4 Qxc4 15. Nxc4 Rfd8 16. a4 Rac8 17. Nfd2 Ne4 18. b3 Nxd6 19. f3 Nxc4 20. bxc4 e5 21. Rc1 Rd3 22. e4 Be6 23. Ke2 Ra3 24. Rb1 Bxc4+ 25. Nxc4 Rxc4 26. Rhd1 Rc2+ 27. Kf1 Rxa4 28. Rxb7 Raa2 29. Rd8+ Kh7 30. Rd1 Rf2+ 31. Kg1 Rxg2+ 32. Kf1 Rxh2 33. Kg1 Rag2+ 34. Kf1 Rf2+ 35. Kg1 Rhg2+ 36. Kh1 f6 37. Rxa7 Rg3 38. f4 0-1

[Event "Bratislava exe op 2nd"]
[Site "Bratislava"]
[Date "2024.09.20"]
[Round "7"]
[White "Floss, Jonas"]
[Black "Benci, Jozef"]
[Result "1-0"]
[WhiteElo "1816"]
[BlackElo "1931"]
[PlyCount "73"]
[EventDate "2024.09.14"]
[EventType "swiss"]
[EventRounds "9"]
[EventCountry "SVK"]
[SourceTitle "EXT 2025"]
[Source "ChessBase"]
[SourceDate "2024.10.14"]
[SourceVersion "1"]
[SourceVersionDate "2024.10.14"]
[SourceQuality "1"]

1. d4 Nf6 2. Bf4 d5 3. e3 c5 4. Nf3 Nc6 5. c3 Qb6 6. Qc2 Bf5 7. dxc5 Bxc2 8. cxb6 Bxb1 9. Rxb1 axb6 10. a3 e6 11. Bb5 Nd7 12. Ke2 Be7 13. Rhd1 0-0 14. c4 Nf6 15. Bc7 Bc5 16. b4 Be7 17. Rb3 Bd8 18. Bd6 Be7 19. Bxc6 Bxd6 20. Bxb7 Ra7 21. Bc6 dxc4 22. Rc3 Be7 23. Rd4 Nd5 24. Bxd5 exd5 25. Rxd5 Rfa8 26. Rxc4 Rxa3 27. Ne5 Rb3 28. Nc6 Bf6 29. Rb5 Ra2+ 30. Kf3 Rbb2 31. Rxb6 Rxf2+ 32. Ke4 h5 33. Rb8+ Kh7 34. b5 Ra3 35. Ne5 Re2 36. Nxf7 Rexe3+ 37. Kf5 1-0

[Event "Bratislava exe op 2nd"]
[Site "Bratislava"]
[Date "2024.09.16"]
[Round "3"]
[White "Floss, Jonas"]
[Black "Blazek, Milos"]
[Result "0-1"]
[WhiteElo "1816"]
[BlackElo "1952"]
[PlyCount "71"]
[EventDate "2024.09.14"]
[EventType "swiss"]
[EventRounds "9"]
[EventCountry "SVK"]
[SourceTitle "EXT 2025"]
[Source "ChessBase"]
[SourceDate "2024.10.14"]
[SourceVersion "1"]
[SourceVersionDate "2024.10.14"]
[SourceQuality "1"]

1. d4 Nf6 2. Bf4 d6 3. Nc3 Nbd7 4. Nf3 c5 5. d5 g6 6. Qd2 Bg7 7. Bh6 0-0 8. Bxg7 Kxg7 9. h4 h5 10. g3 a6 11. a4 Rb8 12. a5 b5 13. axb6 Qxb6 14. Ra2 Qb4 15. Bg2 Nb6 16. b3 Nbxd5 17. Nxd5 Nxd5 18. Ra4 Qxa4 19. Qxd5 Qb4+ 20. Kf1 Be6 21. Qg5 Rfe8 22. Qc1 Qc3 23. Qd1 Rb4 24. Ng5 Rd4 25. Qb1 Rd2 26. Ne4 Qxc2 27. Nxd2 Qxd2 28. Be4 Rb8 29. Qa1+ Kh7 30. Qxa6 Bd5 31. Bxd5 Qxd5 32. f3 Rxb3 33. Kg2 Rb2 34. Ra1 c4 35. Kf1 Qe6 36. e4 0-1

[Event "Bratislava exe op 2nd"]
[Site "Bratislava"]
[Date "2024.09.14"]
[Round "1"]
[White "Floss, Jonas"]
[Black "Compel, Daniel"]
[Result "1/2-1/2"]
[WhiteElo "1816"]
[BlackElo "2174"]
[PlyCount "187"]
[EventDate "2024.09.14"]
[EventType "swiss"]
[EventRounds "9"]
[EventCountry "SVK"]
[SourceTitle "EXT 2025"]
[Source "ChessBase"]
[SourceDate "2024.10.14"]
[SourceVersion "1"]
[SourceVersionDate "2024.10.14"]
[SourceQuality "1"]

1. e4 c5 2. d3 Nc6 3. g3 g6 4. Nf3 Bg7 5. Bg2 d6 6. c3 e5 7. Be3 Nf6 8. c4 0-0 9. 0-0 a6 10. a4 Rb8 11. Na3 h6 12. Qd2 Ng4 13. h3 Nxe3 14. fxe3 Be6 15. Rf2 Kh7 16. Qd1 Qc7 17. Nh4 Ne7 18. g4 Ng8 19. Qf1 Qd8 20. Nf3 Bf6 21. b3 Kg7 22. Bh1 Bg5 23. Nc2 b5 24. axb5 axb5 25. Ra7 bxc4 26. bxc4 Rb2 27. Qc1 Qb6 28. Nxg5 hxg5 29. Ra1 Rb8 30. Ne1 Rb1 31. Rxb1 Qxb1 32. Rc2 Ne7 33. Qxb1 Rxb1 34. Kf2 Nc6 35. Bf3 Nb4 36. Rd2 Bd7 37. Be2 Ba4 38. Bf3 Kf6 39. Be2 Ke7 40. Bf3 Bb3 41. Be2 Kd7 42. Nf3 f6 43. Ne1 Kc7 44. Nf3 Bc2 45. Ne1 Rc1 46. Nxc2 Nxc2 47. Rd1 Ra1 48. Rxa1 Nxa1 49. Ke1 Kb6 50. Kd2 Nb3+ 51. Kc2 Na5 52. Kd2 Nc6 53. Bf1 Ka5 54. Kc3 Ka4 55. Kb2 Kb4 56. Be2 Ne7 57. Bf3 f5 58. exf5 gxf5 59. gxf5 Nxf5 60. e4 Nh4 61. Bh1 Ka4 62. Ka2 Ka5 63. Kb3 Ng6 64. Bg2 Nf4 65. Bf1 Ne6 66. Bg2 Nd4+ 67. Ka3 Nc6 68. Kb3 Na7 69. Ka3 Nc8 70. Kb3 Nb6 71. Bf1 Ka6 72. Be2 Kb7 73. Kc3 Kc7 74. Kd2 Kd7 75. Ke3 Ke7 76. Bg4 Na8 77. Bf5 Nc7 78. Kf3 Kf6 79. Kg3 Na6 80. Kf3 Nb4 81. Ke3 Nc6 82. Bg4 Ne7 83. Kf2 Ng8 84. Ke3 Ke7 85. Kd2 Kd8 86. Kc3 Kc7 87. Kb3 Kb6 88. Kc3 Ne7 89. Bh5 Ka6 90. Kc2 Ka5 91. Kb3 Nc6 92. Bd1 Nd4+ 93. Ka3 Ne6 94. Be2 1/2-1/2